Il Pescatore Di Kalkn Odissea sicilia

I tiakina i:
Ngā taipitopito rārangi puna kōrero
Kaituhi matua: Riccardo Di Salvo Claudio Marchese
Hōputu: Pukapuka
Reo:Undetermined
I whakaputaina: Edizione Croce
Ngā Tūtohu: Tāpirihia he Tūtohu
Kāore He Tūtohu, Me noho koe te mea tuatahi ki te tūtohu i tēnei pūkete!

MARC

LEADER 00000nam a2200000Ia 4500
001 R-1605
003 CODICE-MESSINA
005 20260212102510.0
008 260211s9999 xx 000 0 und d
040 |c importazione_messina 
100 |a Riccardo Di Salvo Claudio Marchese 
245 0 |a Il Pescatore Di Kalkn 
245 0 |b Odissea sicilia 
260 |b Edizione Croce 
942 |2 ddc  |c BK 
952 |0 0  |1 0  |2 ddc  |4 0  |6 SCAFFALE_15_000000000000000__LGBT_S_R  |7 0  |9 32444  |a ME  |b ME  |d 2026-02-11  |l 0  |o SCAFFALE 15 - LGBT S.R.  |p R-1605  |r 2026-02-11 23:53:11  |w 2026-02-11  |x [REVISIONARE]  |y BK 
999 |c 28111  |d 28111